Normal view MARC view
  • Newcomer, Lawrence R.

Entry Personal Name

Number of records used in: 1

001 - CONTROL NUMBER

  • control field: 4070

003 - CONTROL NUMBER IDENTIFIER

  • control field: OSt

005 - DATE AND TIME OF LATEST TRANSACTION

  • control field: 20180205103556.0

008 - FIXED-LENGTH DATA ELEMENTS

  • fixed length control field: 180205|| aca||aabn | a|a d

040 ## - CATALOGING SOURCE

  • Original cataloging agency: OSt
  • Transcribing agency: OSt

100 ## - HEADING--PERSONAL NAME

  • Personal name: Newcomer, Lawrence R.

670 ## - SOURCE DATA FOUND

  • Source citation: Work cat.: (OSt)5050: Newcomer, Lawrence R., Theory and problems of Programming with advance structured COBAL:, 1987